00717nam a2200205Ia 4500952016400000999001500164003000400179005001700183008004100200020001800241040000900259082002100268100002600289245006000315250001200375260004300387300000900430650002400439942004800463 00102ddc40708 Sanitary & municipal engineering aMESbMEScCHEd2019-02-20g1295.00l0o628.50154 GIR/Pp38411r2019-02-20 00:00:00w2019-02-20yBKzGL17R1 c3656d3656OSt20200821120855.0190216s9999||||xx |||||||||||||| ||und|| a9789380853970 coclc a628.50154bGIR/P aGirard, James E94264 0aPrinciples Of Environmental Chemistry /cJames E Girard a3rd Ed. bJones And Bartlett,c2015.aNew Delhi: a711p aChemistry-Chemistry cBK2ddch628.50154iGIR/Pk628.50154mGIR/P